|
|
|
|
| LEADER |
00735nab a2200229 i 4500 |
| 001 |
misc65785 |
| 005 |
20231019150443.0 |
| 008 |
230704s1961 hu o 0|| eng d |
| 040 |
|
|
|a SZTE Miscellanea Repozitórium
|b hun
|
| 041 |
|
|
|a eng
|
| 100 |
1 |
|
|a Shafer Robert
|
| 245 |
1 |
0 |
|a Languages of ancient Khotan
|h [elektronikus dokumentum] /
|c Shafer Robert
|
| 260 |
|
|
|c 1961
|
| 300 |
|
|
|a 35-52
|c 24 cm
|
| 300 |
|
|
|a [18] p.
|c 24 cm
|
| 490 |
0 |
|
|a Archiv Orientální
|
| 561 |
|
|
|a Németh Gyula hagyaték
|
| 591 |
|
|
|a NOT 5576; LOT 3547; ROT 654
|
| 650 |
|
4 |
|a Bölcsészettudományok
|
| 650 |
|
4 |
|a Nyelvek és irodalom
|
| 695 |
|
|
|a Khotan nyelv, Török nyelvek
|
| 856 |
4 |
0 |
|u http://misc.bibl.u-szeged.hu/65785/1/5576_not.pdf
|z Dokumentum-elérés
|